Visible learning for social studies, grades K-12 : designing student learning for conceptual understanding /

"The social studies disciplines encourage learners to explore different facets of society, history, geography, and more--in order to understand make sense of the world around us. It is often through exploring the past that we can more deeply understand the present and make decisions regarding o...

Full description

Bibliographic Details
Main Authors: Hattie, John (Author), Fisher, Douglas, 1965- (Author), Frey, Nancy, 1959- (Author), Stern, Julie Harris (Author)
Format: Book
Language:English
Published: Thousand Oaks, California : Corwin, [2020]
Subjects:

MARC

Tag First Indicator Second Indicator Subfields
LEADER 00000cam a22000008i 4500
001 in00004256607
005 20201021155753.0
008 200330s2020 caua b 001 0 eng
010 |a  2020002763 
020 |a 9781544380827  |q (paperback) 
020 |a 1544380828 
020 |z 9781544380834  |q (epub) 
020 |z 9781544380841  |q (epub) 
020 |z 9781544380858  |q (pdf) 
024 8 |a 40030012856 
035 |a (OCoLC)on1152457794 
035 |a (OCoLC)1152457794 
040 |a LBSOR/DLC  |b eng  |e rda  |c DLC  |d BDX  |d OCLCF  |d UtOrBLW 
042 |a pcc 
049 |a TXAM 
050 0 4 |a LB1584  |b .H37 2020 
082 0 0 |a 372.83  |2 23 
100 1 |a Hattie, John,  |e author.  |0 http://id.loc.gov/authorities/names/n91062005 
245 1 0 |a Visible learning for social studies, grades K-12 :  |b designing student learning for conceptual understanding /  |c John Hattie, Julie Stern, Douglas Fisher, Nancy Frey. 
263 |a 2004 
264 1 |a Thousand Oaks, California :  |b Corwin,  |c [2020] 
300 |a xxi, 166 pages :  |b illustrations ;  |c 24 cm 
336 |a text  |b txt  |2 rdacontent 
337 |a unmediated  |b n  |2 rdamedia 
338 |a volume  |b nc  |2 rdacarrier 
504 |a Includes bibliographical references and index. 
505 0 |a Laying the groundwork for visible learning for social studies -- Surface learning in social studies -- Deep learning in social studies -- Teaching for transfer in social studies -- Determining impact, responding, and knowing what does not work. 
520 |a "The social studies disciplines encourage learners to explore different facets of society, history, geography, and more--in order to understand make sense of the world around us. It is often through exploring the past that we can more deeply understand the present and make decisions regarding our future. In this new book in the Visible Learning Practice series, John Hattie, Julie Stern, Doug Fisher, and Nancy Frey provide not only the what - the most effective teaching strategies for teaching social studies - but also the when and the how. The authors show how to move students from surface level, factual knowledge to deep understanding of social studies concepts, and finally to transferring those understandings to new and novel situations"--  |c Provided by publisher. 
650 0 |a Social sciences  |x Study and teaching (Elementary)  |0 http://id.loc.gov/authorities/subjects/sh85124023 
650 0 |a Social sciences  |x Study and teaching (Secondary)  |0 http://id.loc.gov/authorities/subjects/sh85124025 
650 0 |a Effective teaching.  |0 http://id.loc.gov/authorities/subjects/sh95003618 
650 0 |a Reflective teaching.  |0 http://id.loc.gov/authorities/subjects/sh2003005102 
650 0 |a Student-centered learning.  |0 http://id.loc.gov/authorities/subjects/sh2003008925 
650 7 |a Effective teaching.  |2 fast  |0 (OCoLC)fst00903762 
650 7 |a Reflective teaching.  |2 fast  |0 (OCoLC)fst01092506 
650 7 |a Social sciences  |x Study and teaching (Elementary)  |2 fast  |0 (OCoLC)fst01123019 
650 7 |a Social sciences  |x Study and teaching (Secondary)  |2 fast  |0 (OCoLC)fst01123037 
650 7 |a Student-centered learning.  |2 fast  |0 (OCoLC)fst01136037 
700 1 |a Fisher, Douglas,  |d 1965-  |e author,  |e author.  |0 http://id.loc.gov/authorities/names/n2001110250 
700 1 |a Frey, Nancy,  |d 1959-  |e author.  |0 http://id.loc.gov/authorities/names/n2001110251 
700 1 |a Stern, Julie Harris,  |e author.  |0 http://id.loc.gov/authorities/names/n2016060159 
945 |b 534464 
947 |a A14850805582 
994 |a 92  |b TXA 
948 |a cataloged  |b h  |c 2020/09/22  |d c  |e jlanham  |f 2:28:34 pm 
999 f f |s 588d71cb-56e2-3d21-ac47-11e47f242c52  |i 9a82cf7c-59f2-3de3-a15f-a3507aee9be2  |t 0 
952 f f |p normal  |a Texas A&M University  |b College Station  |c Sterling C. Evans Library  |d Evans: Library Stacks  |t 0  |e LB1584 .H37 2020  |h Library of Congress classification  |i unmediated -- volume  |m A14850805582 
998 f f |a LB1584 .H37 2020  |t 0  |l Evans: Library Stacks